How Modi won it : (Record no. 91511)

MARC details
000 -LEADER
fixed length control field 00545nam a22001817a 4500
005 - DATE AND TIME OF LATEST TRANSACTION
control field 20170712111944.0
010 ## - LCCN (DPL NO)
LC control number ENG-112197
020 ## - INTERNATIONAL STANDARD BOOK NUMBER
International Standard Book Number 9789350099384
Terms of availability 599.00
035 ## - SYSTEM CONTROL NUMBER
System control number EN-95729
037 ## - SOURCE OF ACQUISITION
Stock number DBAD/PUB
082 ## - DEWEY DECIMAL CLASSIFICATION NUMBER
Classification number 954.05
100 ## - MAIN ENTRY--PERSONAL NAME
Personal name Khare, Harish
245 ## - TITLE STATEMENT
Title How Modi won it :
Statement of responsibility, etc by Harish Khare
Remainder of title notes from the 2014 election /
260 ## - PUBLICATION, DISTRIBUTION, ETC. (IMPRINT)
Place of publication, distribution, etc Gurgaon
Name of publisher, distributor, etc Hachette Book Publishing
Date of publication, distribution, etc 2014
270 ## - ADDRESS
Address 4th & 5th Floor, Corporate Centre, Plot No.94, Sector -44
City Gurgaon
Postal code 122003
300 ## - PHYSICAL DESCRIPTION
Extent 242p.
Dimensions 23cm(Hb)
942 ## - ADDED ENTRY ELEMENTS (KOHA)
Source of classification or shelving scheme Dewey Decimal Classification
Item type English Books
Call number suffix KHA
Holdings
Withdrawn status Lost status Not for loan Collection code Home library Current library Date acquired Source of acquisition Cost, normal purchase price Full call number Barcode Copy number Cost, replacement price Koha item type
      Non-fiction Central Jail Tihar Central Jail Tihar 18/02/2015 DBAD/PUB 599.00 954.05 KHA EN-95729 1 599.00 English Books

© Delhi Public Library
Hit Counter
free hit counter